Government instability in Indian states: West Bengal, Bihar, Uttar Pradesh and Punjab (Record no. 71569)

MARC details
000 -LEADER
fixed length control field 00424nam a2200145Ia 4500
008 - FIXED-LENGTH DATA ELEMENTS--GENERAL INFORMATION
fixed length control field 230917s9999||||xx |||||||||||||| ||und||
040 ## - CATALOGING SOURCE
-- 56744
Original cataloging agency VIVEKANANDA LIBRARY
041 ## - Language
-- English
082 ## - DDC NUMBER
Classification number 320.954 M697G
100 ## - MAIN ENTRY--PERSONAL NAME
Personal name Mitra, Subrata Kumar
245 #0 - TITLE STATEMENT
Title Government instability in Indian states: West Bengal, Bihar, Uttar Pradesh and Punjab
260 ## - PUBLICATION, DISTRIBUTION, ETC. (IMPRINT)
Place of publication, distribution, etc Delhi
Name of publisher, distributor, etc Ajanta Publications
Date of publication, distribution, etc 1978
300 ## - PHYSICAL DESCRIPTION
Pages xi, 150 p.
942 ## - ADDED ENTRY ELEMENTS (KOHA)
Koha item type Books
Holdings
Withdrawn status Lost status Damaged status Not for loan Location (home branch) Sublocation or collection (holding branch) Date acquired Koha issues (times borrowed) Koha full call number Accession No. Koha date last seen Koha item type
        VIVEKANANDA LIBRARY VIVEKANANDA LIBRARY 23/12/2002   320.954 M697G 145411 17/09/2023 Books
        VIVEKANANDA LIBRARY VIVEKANANDA LIBRARY 23/12/2002   320.954 M697G 40768 17/09/2023 Books
© Designed and Maintained by Vivekananda Library, MDU Rohtak